Central Library OPAC University of Rajshahi

زبورعجم ;; Jabur i azam / (Record no. 82336)

MARC details
000 -LEADER
fixed length control field 00626naa a2200205 a 4500
001 - CONTROL NUMBER
control field 82336
003 - CONTROL NUMBER IDENTIFIER
rucl marc code BD-RjUL
005 - DATE AND TIME OF LATEST TRANSACTION
control field 20231123145604.0
008 - FIXED-LENGTH DATA ELEMENTS--GENERAL INFORMATION
fixed length control field 231123s1958 pk ||||| |||| 00| 0 per d
035 ## - SYSTEM CONTROL NUMBER
System control number (BD-RjUL) 82336
040 ## - CATALOGING SOURCE
Original cataloging agency BD-RjUL
Language of cataloging eng
Transcribing agency BD-RjUL
041 ## - LANGUAGE CODE
Language code of text/sound track or separate title per
082 ## - DEWEY DECIMAL CLASSIFICATION NUMBER
Edition number 23
Classification number 891.551
Author mark and year IQJ 1958
245 10 - TITLE STATEMENT
Title زبورعجم ;; Jabur i azam /
Statement of responsibility, etc. علامہ اقبال ;; Allama Iqbal
250 ## - EDITION STATEMENT
Edition statement 6th.ed. 1958
260 ## - PUBLICATION, DISTRIBUTION, ETC. (IMPRINT)
Place of publication, distribution, etc. :لاہور
Name of publisher, distributor, etc. شیخ غلام علی اینڈ سنز ایجوکیشنل پبلیشرز،
Date of publication, distribution, etc. 1958
300 ## - PHYSICAL DESCRIPTION
Pagination 264 p. ;
Size 21 cm
650 ## - SUBJECT ADDED ENTRY--TOPICAL TERM
Topical term or geographic name as entry element Persian Poetry
942 ## - ADDED ENTRY ELEMENTS (KOHA)
Source of classification or shelving scheme Dewey Decimal Classification
Koha item type Books
Holdings
Lost status Source of classification or shelving scheme Damaged status Not for loan Collection code Permanent Location Current Location Shelving location Date acquired Source of acquisition Cost, normal purchase price Total Checkouts Full call number Date last seen Copy number Koha item type
  Dewey Decimal Classification   Not For Loan Non-fiction Central Library, University of Rajshahi Central Library, University of Rajshahi Reading Room 08/05/1967 S.H. Mubarak Ali 4.50   F 891.551 IQJ 1958 23/11/2023 C-1 Books